John Lennon : (Registro nro. 3247)
[ vista simple ]
| 000 -LEADER | |
|---|---|
| fixed length control field | 01347nam a2200265Ia 4500 |
| 003 - CONTROL NUMBER IDENTIFIER | |
| control field | OSt |
| 005 - DATE AND TIME OF LATEST TRANSACTION | |
| control field | 20200930225032.0 |
| 008 - FIXED-LENGTH DATA ELEMENTS--GENERAL INFORMATION | |
| fixed length control field | 191128s2005 ck ao gr 000 0 spa d |
| 020 ## - INTERNATIONAL STANDARD BOOK NUMBER | |
| International Standard Book Number | 9789583017025 |
| 040 ## - CATALOGING SOURCE | |
| Original cataloging agency | CO-JMCR |
| Transcribing agency | CO-JMCR |
| 041 0# - LANGUAGE CODE | |
| Language code of text/sound track or separate title | spa |
| 082 04 - DEWEY DECIMAL CLASSIFICATION NUMBER | |
| Classification number | 927.8 / |
| Item number | S572j |
| Edition number | 23 |
| 100 1# - MAIN ENTRY--PERSONAL NAME | |
| Personal name | Sierra i Fabra, Jordi, |
| Relator term | autor |
| 9 (RLIN) | 8336 |
| 245 10 - TITLE STATEMENT | |
| Title | John Lennon : |
| Remainder of title | imagina que esto fue real / |
| Statement of responsibility, etc. | Jordi Sierra i Fabra ; edición, Mireya Fonseca Leal |
| 250 ## - EDITION STATEMENT | |
| Edition statement | Primera edición |
| 260 ## - PUBLICATION, DISTRIBUTION, ETC. | |
| Place of publication, distribution, etc. | Bogotá : |
| Name of publisher, distributor, etc. | Panamericana, |
| Date of publication, distribution, etc. | 2005 |
| 300 ## - PHYSICAL DESCRIPTION | |
| Extent | 155 páginas, [8] láminas sin numerar : |
| Other physical details | fotografías a blanco y negro ; |
| Dimensions | 20 cm. |
| 490 0# - SERIES STATEMENT | |
| Series statement | 100 personajes autores |
| 505 0# - FORMATTED CONTENTS NOTE | |
| Formatted contents note | La maldición de los Lennon -- Los Quarrymen -- Primeros pasos de un fenómeno -- El estilo que cambió el mundo -- De políticas y religiones -- La leyenda de Sgt. Pepper's -- Yoko -- Primer disco -- El conflictivo |
| 520 3# - SUMMARY, ETC. | |
| Summary, etc. | De ser niño con un sueño, hacer música, pasó a contagiar ese sueño a millones de personas en los años sesenta y a cambiar la historia del rock. Después, en solitario, su figura se multiplicó todavía más debido a su fuerte personalidad. |
| 600 14 - SUBJECT ADDED ENTRY--PERSONAL NAME | |
| Personal name | Lennon, John, |
| General subdivision | biografías |
| Chronological subdivision | 1940-1980 |
| 9 (RLIN) | 11087 |
| 650 14 - SUBJECT ADDED ENTRY--TOPICAL TERM | |
| Topical term or geographic name entry element | Música inglesa |
| General subdivision | biografías |
| 9 (RLIN) | 11088 |
| 700 1# - ADDED ENTRY--PERSONAL NAME | |
| Personal name | Fonseca Leal, Mireya, |
| Relator term | editora |
| 9 (RLIN) | 11089 |
| 942 ## - ADDED ENTRY ELEMENTS (KOHA) | |
| Source of classification or shelving scheme | Dewey Decimal Classification |
| Koha item type | Books |
| Withdrawn status | Lost status | Source of classification or shelving scheme | Damaged status | Not for loan | Collection code | Home library | Current library | Date acquired | Source of acquisition | Total Checkouts | Full call number | Barcode | Date last seen | Date last checked out | Copy number | Koha item type |
|---|---|---|---|---|---|---|---|---|---|---|---|---|---|---|---|---|
| Dewey Decimal Classification | Non-fiction | Biblioteca Pública José María del Castillo y Rada | Biblioteca Pública José María del Castillo y Rada | 01/22/2018 | Donación | 3 | 927.8 / S572j | 201506979 | 11/12/2024 | 11/08/2024 | Ej.1 | Books |